Don't look up 2021 / (Record no. 22511)

000 -LEADER
fixed length control field 01325nam a22002777a 4500
005 - DATE AND TIME OF LATEST TRANSACTION
control field 20260416160843.0
008 - FIXED-LENGTH DATA ELEMENTS--GENERAL INFORMATION
fixed length control field 260415b xxu||||| |||| 00| 0 eng d
040 ## - CATALOGING SOURCE
Original cataloging agency Cagayan State University
082 ## - DEWEY DECIMAL CLASSIFICATION NUMBER
Classification number 791.4372
Item number L863 2021
245 ## - TITLE STATEMENT
Title Don't look up 2021 /
Remainder of title directed by Adam McKay ; produced by Adam Mckay, Kevin J. Messick.
260 ## - PUBLICATION, DISTRIBUTION, ETC. (IMPRINT)
Place of publication, distribution, etc United States :
Name of publisher, distributor, etc Hyperobject Industries,
Date of publication, distribution, etc 2021.
300 ## - PHYSICAL DESCRIPTION
Extent 1 videofile, (ca. 138 mins) :
Other physical details sound, color.
520 ## - SUMMARY, ETC.
Summary, etc An astronomy grad student and her professor discover a comet on a collision course with Earth and attempt to warn humanity. They launch a media tour to raise awareness, but face challenges in capturing the public's attention amidst social media distractions and a relentless news cycle. With just six months until impact, Kate and Randall struggle against indifference and apathy in a darkly comedic effort to save the planet.
546 ## - LANGUAGE NOTE
Language note In English subtitle.
650 ## - SUBJECT ADDED ENTRY--TOPICAL TERM
Topical term or geographic name as entry element Comedy
650 ## - SUBJECT ADDED ENTRY--TOPICAL TERM
Topical term or geographic name as entry element Sci-Fi
650 ## - SUBJECT ADDED ENTRY--TOPICAL TERM
Topical term or geographic name as entry element Drama
700 ## - ADDED ENTRY--PERSONAL NAME
Personal name McKay, Adam, director, producer, writer.
700 ## - ADDED ENTRY--PERSONAL NAME
Personal name Messick, Kevin J., producer.
700 ## - ADDED ENTRY--PERSONAL NAME
Personal name Waxman, Jeff G., producer.
700 ## - ADDED ENTRY--PERSONAL NAME
Personal name Sirota, David, writer.
700 ## - ADDED ENTRY--PERSONAL NAME
Personal name DiCaprio, Leonardo, star.
700 ## - ADDED ENTRY--PERSONAL NAME
Personal name Lawrence, Jennifer, star.
700 ## - ADDED ENTRY--PERSONAL NAME
Personal name Streep, Meryl, star.
942 ## - ADDED ENTRY ELEMENTS (KOHA)
Source of classification or shelving scheme
Item type Audio-Visual Materials
Holdings
Source of acquisition Price effective from Permanent location Date last seen Not for loan Date acquired Source of classification or shelving scheme Koha item type Damaged status Lost status Shelving location Withdrawn status Current location Full call number
Donation2026-04-16Cagayan State University - Carig Library2026-04-16 2026-04-16 Audio-Visual Materials  E-Resource Section Cagayan State University - Carig Library791.4372 L863 2021

Cagayan State University University Library, Carig Campus
Tuguegarao City, Cagayan 3500 | www.csucarig.edu.ph

Powered by Koha